Guess the xdinary heroes song based off the english lyrics - Statistics

General Stats
  • This quiz has been taken 7 times
  • The average score is 18 of 26
Answer Stats
Hint Answer % Correct
lost and never founndddddddd lost and found
100%
you know, when i am gone (ah) my body will turn to dust but love oh love my song of love will carry you away and haunt you forever beautiful life
83%
bicycle ba ba ba broom bicycle im faster than your motercycle ba ba ba vroom baba ba brrom bicycle
83%
cant you see thattttttt oh you make me go insanneeee fire
83%
bite my tounge insteaaaaaaaaaaaaad instead
83%
bite my tounge insteaaaaaaaaaaaaaaad insteaaaaaaaaaaaaaaaaaad insteadddddddddd instead
83%
knock down dingaling... in my head / na na na na nananana get away / youre dingaling knock down
83%
im just doing it right (yeah, yeah) cuz iiim~ not a superman but lunatic lunatic
83%
im a boxer in a box / im turning into a monster, monster, screaming till my voice is out theres nothing you can do now man in the box
83%
i know im a little weirdo na na na na na nana nana na na na na na naa pirates
83%
feels like sucker punch / super super bad / nanananananananana yeah nanananana sucker punch
83%
ah, ah, whats your favorite? i i im a maverick bbb
67%
nothings impossible, impossible, for me to be impossible boy comics
67%
now arent you feeling me.. aint gonna keep my ego undercover, you, you, you hitting me harder, you you stealing my colors, to you coming like thunder, dont you dare to hide feeling nice
67%
please please let me give you smile and tear (addicted) love and fear
67%
beat it, beat that fire, the sun is rising higher pluto
67%
sweet candy liar / oh let me tell u story strawberry cake
67%
please me / tease me do you think im craaaaaaaaazy xymphony
67%
i guess ive lost myself (i guess ive lost myself) / i dont know who i am crack in the mirror
50%
crack crash in my head crump crush / i dont know who i am crack in the mirror
50%
take u down its win or die / im the one survivor... bark it like a dog yeah its timmee for blooddy round fight me
50%
its time, its time, to face a new day george the lobster
50%
i close my eyes every night / i am broken ghost
50%
i cant get you off my mind / think i have lost all of my mind / voice of you... voice of you paranoid
50%
do you wannna playaay hey hey hey / lets get this party alive xmas
50%
who am i? where am i / im back online feeling like air zzz...
50%
No matching quizzes found
Score Distribution
Percent of People with Each Score
Percentile by Number Answered
Your Score History
You have not taken this quiz